Permaculture: ಪರ್ಮಾಕಲ್ಚರ್ (Record no. 216491)
[ view plain ]
| 000 -LEADER | |
|---|---|
| fixed length control field | 01018nam a22002417a 4500 |
| 005 - DATE AND TIME OF LATEST TRANSACTION | |
| control field | 20211008164619.0 |
| 008 - FIXED-LENGTH DATA ELEMENTS--GENERAL INFORMATION | |
| fixed length control field | 211005b ||||| |||| 00| 0 eng d |
| 040 ## - CATALOGING SOURCE | |
| Transcribing agency | AL |
| 041 ## - LANGUAGE CODE | |
| Language code of text/sound track or separate title | kan |
| 082 ## - DEWEY DECIMAL CLASSIFICATION NUMBER | |
| Edition number | 23 |
| Classification number | 631.58K |
| Item number | ARDP |
| 100 ## - MAIN ENTRY--PERSONAL NAME | |
| Personal name | Ardhendu S Chatterji; ಅರ್ಧೇಂದು ಎಸ್ ಚಟರ್ಜಿ |
| 9 (RLIN) | 772 |
| 245 ## - TITLE STATEMENT | |
| Title | Permaculture: ಪರ್ಮಾಕಲ್ಚರ್ |
| 260 ## - PUBLICATION, DISTRIBUTION, ETC. | |
| Place of publication, distribution, etc. | Bengaluru |
| Name of publisher, distributor, etc. | Akshara Printers |
| Date of publication, distribution, etc. | 2021 |
| 300 ## - PHYSICAL DESCRIPTION | |
| Extent | xii,258p. |
| Other physical details | PB |
| Dimensions | 24x16cm. |
| 365 ## - TRADE PRICE | |
| Price type code | BLCR-000057 |
| Price amount | 180.00 |
| Currency code | ₹ |
| Unit of pricing | 225.00 |
| Price note | 20% |
| Price effective from | 23-09-2021 |
| 520 ## - SUMMARY, ETC. | |
| Uniform Resource Identifier | <a href="ಶಾಶ್ವತ ಕೃಷಿಯ ಕಲೆ ಮತ್ತು ವಿಜ್ಞಾನ">ಶಾಶ್ವತ ಕೃಷಿಯ ಕಲೆ ಮತ್ತು ವಿಜ್ಞಾನ</a> |
| 600 ## - SUBJECT ADDED ENTRY--PERSONAL NAME | |
| Personal name | ಅರ್ಧೇಂದು ಎಸ್. ಚಟರ್ಜಿ |
| 9 (RLIN) | 773 |
| 650 ## - SUBJECT ADDED ENTRY--TOPICAL TERM | |
| Topical term or geographic name entry element | Agriculture Art; ಕೃಷಿಯ ಕಲೆ |
| 9 (RLIN) | 774 |
| 650 ## - SUBJECT ADDED ENTRY--TOPICAL TERM | |
| Topical term or geographic name entry element | ಪರ್ಮಾಕಲ್ಚರ್ |
| 9 (RLIN) | 775 |
| 700 ## - ADDED ENTRY--PERSONAL NAME | |
| Personal name | CHATTERJEE (Ardhendu S); ಚಟರ್ಜಿ (ಅರ್ಧೇಂದು ಎಸ್) |
| 9 (RLIN) | 776 |
| 700 ## - ADDED ENTRY--PERSONAL NAME | |
| Personal name | Gayatri (V); ಗಾಯತ್ರಿ (ವಿ) Tr |
| 9 (RLIN) | 831 |
| 942 ## - ADDED ENTRY ELEMENTS (KOHA) | |
| Source of classification or shelving scheme | Dewey Decimal Classification |
| Koha item type | Book |
| Withdrawn status | Lost status | Source of classification or shelving scheme | Damaged status | Not for loan | Collection code | Home library | Current library | Date acquired | Source of acquisition | Cost, normal purchase price | Total Checkouts | Full call number | Barcode | Date last seen | Cost, replacement price | Price effective from | Koha item type |
|---|---|---|---|---|---|---|---|---|---|---|---|---|---|---|---|---|---|
| Dewey Decimal Classification | Kannada | St Aloysius Library | St Aloysius Library | 09/29/2021 | Navakarnataka Publications Pvt Ltd, Balmatta, Mangaluru-575001 | 180.00 | 631.58K ARDP | 074971 | 10/05/2021 | 225.00 | 09/23/2021 | Book |